000 00567nam a2200217 4500
003 DO-SdBNP
005 20220428135540.0
008 180308s1997 nyu
020 _a0517703246
040 _aBPMSU
_bspa
_cBPMSU
041 1 7 _aeng
082 _a813
_bM621a 1997
_222
100 1 _aMichael, Judith.
_d
_c
245 1 0 _aActs of love /
_cJudith Michael.
_n
_p
_h
_b
260 _aNew York :
_bCrown Publishers,
_c1997
300 _a376 p. ;
_c24 cm.
590 _6Inventariado, 2022/VM
650 4 _aNovela estadounidense
_v
910 _aVMateo V
942 _cBK
_2ddc
999 _c14177
_d14177